Výživa a životné prostredie.

Výživa obyvateľstva a jej pôsobenie na ľudský organizmus. Zabezpečenie a dodržiavanie hygieny v poľnohospodárskej prvovýrobe a v potravinárskom priemysle. Používanie umelých hnojív podľa schválených technologických postupov. Zamedzovanie obsahu chemických látok v potravinách rastlinného pôvodu. Dodr...

ver descrição completa

Na minha lista:
Detalhes bibliográficos
Autor principal: Bóna, V.
Formato: Capítulo de Livro
Idioma:eslovaco
Assuntos:
Tags: Adicionar Tag
Sem tags, seja o primeiro a adicionar uma tag!

MARC

LEADER 00000naa a2200000 4500
001 r012609
005 20220826094435.9
041 0 |a slo 
044 |a SK 
245 1 0 |a Výživa a životné prostredie.  |c V. Bóna 
520 |a Výživa obyvateľstva a jej pôsobenie na ľudský organizmus. Zabezpečenie a dodržiavanie hygieny v poľnohospodárskej prvovýrobe a v potravinárskom priemysle. Používanie umelých hnojív podľa schválených technologických postupov. Zamedzovanie obsahu chemických látok v potravinách rastlinného pôvodu. Dodržiavanie správnej technológie výroby pri uskladňovaní a distribúcii potravín. 
610 2 0 |a výživa 
610 2 0 |a zdravie 
610 2 0 |a prostredie životné 
610 2 0 |a hygiena 
610 2 0 |a poľnohospodárstvo 
610 2 0 |a potravinárstvo 
100 1 |a Bóna, V.